| 000 | 00503nam a2200181Ia 4500 | ||
|---|---|---|---|
| 003 | GCL | ||
| 008 | 140319s9999 xx 000 0 ara d | ||
| 040 |
_aGCL / _cGCL |
||
| 082 | 0 | 4 |
_a823.03 _bو ز |
| 100 | 1 | _aو. ر. سكوت | |
| 245 | 1 | 0 |
_aالزوجة العذراء / _cو. ر. سكوت |
| 260 |
_a[S.N] : _bالمكتبة الثقافية ، _c1987 |
||
| 300 | _a61 ص | ||
| 490 | _a | ||
| 650 | 0 | 4 | _aالقصص الانجليزية المترجمة |
| 650 | 0 | 4 | _aالقصص |
| 942 |
_2ddc _cBK |
||
| 999 |
_c39065 _d39065 |
||